Chính sách của Mỹ đối với vấn đề hạt nhân của Triều Tiên dưới thời Tổng thống Donald Trump /

में बचाया:
ग्रंथसूची विवरण
मुख्य लेखक: Lộc Thị Thủy.
स्वरूप: लेख
भाषा:Vietnamese
विषय:
टैग : टैग जोड़ें
कोई टैग नहीं, इस रिकॉर्ड को टैग करने वाले पहले व्यक्ति बनें!
Thư viện lưu trữ: Thư viện Trường Đại học Đà Lạt
LEADER 00898nam a2200277 4500
001 DLU210196135
005 ##20210419
040 # # |a DLU  |b vie 
041 # # |a vie 
044 # # |a vn 
100 # # |a Lộc Thị Thủy. 
245 # # |a Chính sách của Mỹ đối với vấn đề hạt nhân của Triều Tiên dưới thời Tổng thống Donald Trump /  |c Lộc Thị Thủy. 
653 # # |a Chính sách 
653 # # |a Donald Trump 
653 # # |a Hạt nhân 
653 # # |a Mỹ 
653 # # |a Triều Tiên 
773 # # |t Châu Mỹ ngày nay  |g Số 7(244), 2018, tr. 47-55 
920 # # |a Phòng Tạp chí -- Trung tâm Thông tin - Thư viện Trường Đại học Đà Lạt 
900 # # |a True 
911 # # |a Nguyễn Thị Thu Phương 
925 # # |a G 
926 # # |a A 
927 # # |a BB 
980 # # |a Thư viện Trường Đại học Đà Lạt